Cuidadoras de personas dependientes en España : (Registro nro. 232511)
[ vista simple ]
| 000 -CABECERA | |
|---|---|
| campo de control de longitud fija | 01108naa a22002537i 4500 |
| 001 - NÚMERO DE CONTROL | |
| campo de control | 232511 |
| 003 - IDENTIFICADOR DEL NÚMERO DE CONTROL | |
| campo de control | ES-MaBCM |
| 005 - FECHA Y HORA DE LA ÚLTIMA TRANSACCIÓN | |
| campo de control | 20260303170907.0 |
| 008 - CÓDIGOS DE INFORMACIÓN DE LONGITUD FIJA | |
| campo de control de longitud fija | 260226s2026 sp ||||| ||||o00| 0 spa d |
| 040 ## - FUENTE DE LA CATALOGACIÓN | |
| Centro transcriptor | ES-MaBCM |
| 100 1# - PUNTO DE ACCESO PRINCIPAL - NOMBRE DE PERSONA | |
| Nombre de persona | Bellido Venegas, Eva |
| 9 (RLIN) | 131201 |
| 245 10 - MENCIÓN DE TÍTULO | |
| Título | Cuidadoras de personas dependientes en España : |
| Resto del título | desigualdades, invisibilidad social y consecuencias físicas y mentales = Carers of dependent individuals in Spain : inequalities, social invisibility, and physical and psychological consequences |
| Mención de responsabilidad etc. | Eva M.ª Bellido Venegas, M.ª Violante Martínez Quintana |
| 500 ## - NOTA GENERAL | |
| Nota general | Contiene cuadros |
| 504 ## - NOTA DE BIBLIOGRAFÍA, ETC. | |
| Nota de bibliografía etc. | Bibliografía: p. 16-19 |
| 650 #7 - PUNTO DE ACCESO ADICIONAL DE MATERIA--TÉRMINO DE MATERIA | |
| Término de materia o nombre geográfico como elemento inicial | Personal de servicios |
| 9 (RLIN) | 60240 |
| 650 #7 - PUNTO DE ACCESO ADICIONAL DE MATERIA--TÉRMINO DE MATERIA | |
| Término de materia o nombre geográfico como elemento inicial | Mujer en el trabajo |
| 9 (RLIN) | 59496 |
| 650 #7 - PUNTO DE ACCESO ADICIONAL DE MATERIA--TÉRMINO DE MATERIA | |
| Término de materia o nombre geográfico como elemento inicial | Condición de trabajo |
| 9 (RLIN) | 58033 |
| 650 #7 - PUNTO DE ACCESO ADICIONAL DE MATERIA--TÉRMINO DE MATERIA | |
| Término de materia o nombre geográfico como elemento inicial | Desigualdad social |
| 9 (RLIN) | 58386 |
| 650 #0 - PUNTO DE ACCESO ADICIONAL DE MATERIA--TÉRMINO DE MATERIA | |
| Término de materia o nombre geográfico como elemento inicial | Dependencia |
| 9 (RLIN) | 124774 |
| 651 #4 - PUNTO DE ACCESO ADICIONAL DE MATERIA--NOMBRE GEOGRÁFICO | |
| Nombre geográfico | España |
| 9 (RLIN) | 115342 |
| 700 1# - PUNTO DE ACCESO ADICIONAL--NOMBRE DE PERSONA | |
| Nombre de persona | Martínez Quintana, María Violante |
| 9 (RLIN) | 29605 |
| 773 0# - ENLACE AL DOCUMENTO FUENTE | |
| Lugar editor y fecha de publicación | Madrid |
| Parte(s) relacionada(s) | N. 193 (en.-marzo 2026), p. 3-20 - Loc. S.031 |
| Título | REIS revista española de investigaciones sociológicas |
| Número de control del registro relacionado | 104569 |
| 942 ## - ELEMENTOS DE PUNTO DE ACCESO ADICIONAL (KOHA) | |
| Fuente del sistema de clasificación o colocación | Universal Decimal Classification |
| Tipo de ítem Koha | Artículos de revistas |
| Estado de retiro | Estado de pérdida | Fuente del sistema de clasificación o colocación | Estado dañado | No para préstamo | Localización permanente | Ubicación/localización actual | Ubicación en estantería | Fecha de adquisición | Total de préstamos | Fecha visto por última vez | Precio válido a partir de | Tipo de ítem Koha |
|---|---|---|---|---|---|---|---|---|---|---|---|---|
| Universal Decimal Classification | Biblioteca Central del Ministerio de la Presidencia | Biblioteca Central del Ministerio de la Presidencia | Sala | 26/02/2026 | 26/02/2026 | 26/02/2026 | Artículos de revistas |
